| 000 | 00612nam a2200133Ia 4500 | ||
|---|---|---|---|
| 008 | 170221s9999 xx 000 0 und d | ||
| 100 | _aSam Basu | ||
| 245 | _aDynamic capabilities or positioning? Integrating environmental and resource-led antecedents of firm performance | ||
| 245 | _cSam Basu, William Paterson University; Raza Mir, William Paterson University; Sia Nassiripour, William Paterson University; Hannah Wong, William Paterson University. | ||
| 260 | _bJournal of Management and Marketing Research | ||
| 260 | _c2014 | ||
| 650 | _xBusiness | ||
| 856 | _uhttp://www.aabri.com/manuscripts/121303.pdf | ||
| 999 |
_c309469 _d309469 |
||